Detalles MARC
| 000 -LEADER |
| fixed length control field |
02648nam a2200433Ii 4500 |
| 001 - CONTROL NUMBER |
| control field |
DIGALF0014 |
| 003 - CONTROL NUMBER IDENTIFIER |
| control field |
NyNyDIG |
| 006 - FIXED-LENGTH DATA ELEMENTS--ADDITIONAL MATERIAL CHARACTERISTICS |
| fixed length control field |
m o d |
| 007 - PHYSICAL DESCRIPTION FIXED FIELD--GENERAL INFORMATION |
| fixed length control field |
cr ||||||||||| |
| 008 - FIXED-LENGTH DATA ELEMENTS--GENERAL INFORMATION |
| fixed length control field |
122001s2010 sp ob 000 0 spa d |
| 020 ## - INTERNATIONAL STANDARD BOOK NUMBER |
| Canceled/invalid ISBN |
8478983317 |
| 020 ## - INTERNATIONAL STANDARD BOOK NUMBER |
| Canceled/invalid ISBN |
9788478983315 |
| 035 ## - SYSTEM CONTROL NUMBER |
| System control number |
(OCoLC)847598349 |
| 040 ## - CATALOGING SOURCE |
| Original cataloging agency |
DGITA |
| Language of cataloging |
eng |
| Description conventions |
pn |
| Transcribing agency |
DGITA |
| 043 ## - GEOGRAPHIC AREA CODE |
| Geographic area code |
f------ |
| 050 14 - LIBRARY OF CONGRESS CALL NUMBER |
| Classification number |
PR9369.3 eBook |
| 100 1# - MAIN ENTRY--PERSONAL NAME |
| Personal name |
Rodríguez Peláez, Diana. |
| 245 13 - TITLE STATEMENT |
| Title |
La voz de la locura femenina en la diáspora africana : |
| Remainder of title |
los trastornos mentales y la locura como trasgresión y síntoma de una cultura enferma / |
| Statement of responsibility, etc. |
Diana Rodríguez Peláez ; Mar Gallego Durán, ed. |
| 264 #1 - PRODUCTION, PUBLICATION, DISTRIBUTION, MANUFACTURE, AND COPYRIGHT NOTICE |
| Place of production, publication, distribution, manufacture |
Sevilla : |
| Name of producer, publisher, distributor, manufacturer |
Ediciones Alfar, |
| Date of production, publication, distribution, manufacture, or copyright notice |
2010. |
| 300 ## - PHYSICAL DESCRIPTION |
| Extent |
1 online resource (86 pages) |
| 336 ## - CONTENT TYPE |
| Content type term |
text |
| Content type code |
txt |
| Source |
rdacontent |
| 337 ## - MEDIA TYPE |
| Media type term |
computer |
| Media type code |
c |
| Source |
rdamedia |
| 338 ## - CARRIER TYPE |
| Carrier type term |
online resource |
| Carrier type code |
cr |
| Source |
rdacarrier |
| 490 1# - SERIES STATEMENT |
| Series statement |
Colección Alfar universidad ; |
| Volume/sequential designation |
166 |
| 504 ## - BIBLIOGRAPHY, ETC. NOTE |
| Bibliography, etc. note |
Includes bibliographical references (p. [83]-86). |
| 505 0# - FORMATTED CONTENTS NOTE |
| Formatted contents note |
Introducción -- 1. Psicoanálisis y feminismo: re-interpretación del "subconsciente" de Freud desde una perspectiva feminista -- Dialéctica dentro de la crítica feminista sobre el psicoanálisis -- Breve re-interpretación del sueño de Irma: La feminidad según Freud -- 2. Locura y género -- La mujer y la locura como subversión -- La locura y la escritura: espacio para la subjetividad femenina y la autobiografía -- La dimensión social: la cultura enferma y las narraciones curativas -- La esquizofrenia de los conceptos: locura, universalidad, política, historia y raza en contexto. Primer acercamiento a la locura en la novela A Question of Power -- 3. Identidad y Locura (A question of power de Bessie Head) - Introducción -- Identidad femenina -- Identidad femenina y el yo en el subconsciente: Elizabeth -- La autobiografía como espacio textual -- Otros personajes femeninos: La comunidad femenina africana -- Identidad dislocada: el espacio y el yo - Conclusión -- Obras citadas |
| 600 10 - SUBJECT ADDED ENTRY--PERSONAL NAME |
| Personal name |
Head, Bessie, |
| Dates associated with a name |
1937- |
| General subdivision |
Cristicism and interpretation. |
| 650 #0 - SUBJECT ADDED ENTRY--TOPICAL TERM |
| Topical term or geographic name entry element |
Feminist fiction |
| General subdivision |
African authors |
| -- |
History. |
| 650 #0 - SUBJECT ADDED ENTRY--TOPICAL TERM |
| Topical term or geographic name entry element |
South African literature (English) |
| General subdivision |
Black authors |
| -- |
History. |
| 650 #0 - SUBJECT ADDED ENTRY--TOPICAL TERM |
| Topical term or geographic name entry element |
Mental illness in literature. |
| 655 #0 - INDEX TERM--GENRE/FORM |
| Genre/form data or focus term |
Electronic books. |
| 700 1# - ADDED ENTRY--PERSONAL NAME |
| Personal name |
Gallego Durán, María del Mar |
| 791 2# - |
| -- |
Digitalia (Firm), |
| -- |
distributor. |
| 793 0# - |
| -- |
Digitalia eBook Collection: |
| -- |
Ediciones Alfar. |
| 830 #0 - SERIES ADDED ENTRY--UNIFORM TITLE |
| Uniform title |
Alfar/universidad ; |
| Volume/sequential designation |
166. |
| 856 40 - ELECTRONIC LOCATION AND ACCESS |
| Materials specified |
Digitalia Hispánica |
| Uniform Resource Identifier |
<a href="https://www.digitaliapublishing.com/a/13764/">https://www.digitaliapublishing.com/a/13764/</a> |
| 910 ## - USER-OPTION DATA (OCLC) |
| User-option data |
Premium Collection: 2007-2012 |
| 942 ## - ADDED ENTRY ELEMENTS (KOHA) |
| Koha item type |
Recurso Electrónico |